000 00869nam a2200217 4500
001 133018
003 ES-MaACL
005 20250829062534.0
007 t|
008 070214s1977 sp r ||||1| spa d
245 0 0 _aHistoria de la Literatura I /
_credactada por Jesús Cañas Murillo ... [et al.] ; bajo la dirección de Juan Manuel Rozas López.
260 _aMóstoles (Madrid) :
_bGrefol,
_c1977.
300 _a6 t. en 1 v. ;
_c30 cm.
500 _aPrecede al tít.: Universidad Nacional de Educación a Distancia . Ministerio de Educación y Ciencia.
700 1 _aCañas Murillo, Jesús.
_934741
700 1 _aRozas, Juan Manuel.
_9100249
710 2 _aUniversidad Nacional de Educación a Distancia (España)
_97405
710 1 _aEspaña.
_bMinisterio de Educación y Ciencia.
_93864
852 _aES-MaACL
_jL-2641
_bR.103643
999 _c133018
_d133018